Quizzes
Events
Quiz Creation
Community
Videos
Private Events
Remove Ads
Sign In
Join for FREE
Feedback
Dark Mode
Quiz Categories
Sports
Geography
Music
Movies
Television
Just For Fun
Miscellaneous
History
Literature
Language
Science
Gaming
Entertainment
Religion
Holiday
For Kids
Quiz Lab
Recent
Popular Today
Quiz Kudos Today
Editor Picks
Curator Picks
Quizzes by...
Day
Popularity
Type
Ratings
Length
Year
Community
Subscriptions
Recent Discussions
Orange Saloon
Badges
Playlists
Quests
Create
Leaderboards
Showdown
Live 5
Trivia Bingo
Activity
Puzzle Library
Sporcle Events
Private Events
Virtual Trivia
Globe League
Become a Host
Pub Owners
SporcleCon
Opinionation
Our Games
Videos
Blog
Mobile Apps
Partnerships
Remove Ads and Go Orange
Feedback
History
US Presidents
World Leaders
Politics
Nation
Discovery
War
Decade
Year
Century
Biography
Art
History
US Presidents
World Leaders
Politics
Nation
Discovery
War
Decade
Year
Century
Biography
Art
Random Quiz
Search Sporcle
×
Quiz Lab
Quiz Lab
History
Politics
Type in answers that appear in a list
Type in answers that appear in a list
Classic
Best Score? Go Orange.
113th House of Representatives Part II Stats
Can you name the members of the House of Representatives for the 113th Congress?
By
byelin
20m
145 Questions
383 Plays
383 Plays
383 Plays
Comments
Comments
Give Quiz Kudos
Give Quiz Kudos
-
- Ratings
hide this ad
More Info
Replay
Link that replays current quiz
Next Quiz
Link to next quiz in quiz playlist
You Got
0%
They Got
Avg Score
44%
Avg Friend Score
Upgrade to see
Score Distribution
Jump to the score distribution portion of the page
Score
0/145
Timer
20:00
0
Plays Today
District
Representative
% Correct
MA-
5
Katherine Clark
78.6%
IA-
4
Steve King
71.8%
NY-
2
Peter King
67.6%
IN-
2
Jackie Walorski
65.3%
IA-
1
Bruce Braley
64.2%
KY-
5
Hal Rogers
63.7%
IN-
1
Peter Visclosky
63.2%
MN-
6
Michele Bachmann
62.7%
IN-
9
Todd Young
62.4%
MI-
14
Gary Peters
62.1%
IA-
3
Tom Latham
61.9%
KY-
3
John Yarmuth
61.6%
LA-
2
Cedric Richmond
61.4%
LA-
5
Vance McAllister
61%
IN-
5
Susan Brooks
60.8%
MI-
13
John Conyers
60.8%
KS-
1
Tim Huelskamp
60.6%
MD-
5
Steny Hoyer
60.6%
MI-
12
John Dingell
60.3%
KY-
6
Andy Barr
60.1%
ME-
2
Mike Michaud
60.1%
IN-
7
Andre Carson
59.5%
LA-
1
Steve Scalise
59.5%
MD-
8
Chris Van Hollen
59.5%
MI-
8
Mike Rogers
59.5%
MD-
1
Andy Harris
59.3%
MI-
6
Fred Upton
59.3%
IA-
2
David Loebsack
58.7%
ME-
1
Chellie Pingree
58.5%
NY-
13
Charles Rangel
58.5%
IN-
8
Larry Bucshon
58.2%
MI-
10
Candace Miller
58.2%
KS-
4
Mike Pompeo
57.4%
NJ-
4
Christopher Smith
57.4%
IN-
3
Marlin Stutzman
57.2%
IN-
4
Todd Rokita
57.2%
MI-
3
Justin Amash
57.2%
IN-
6
Luke Messer
56.9%
KS-
2
Lynn Jenkins
56.9%
NE-
3
Adrian Smith
56.9%
NY-
25
Louise Slaughter
56.9%
KS-
3
Kevin Yoder
56.7%
NY-
1
Tim Bishop
56.7%
NY-
11
Michael Grimm
56.1%
MA-
4
Joseph Kennedy
55.9%
MI-
1
Dan Benishek
55.6%
MN-
5
Keith Ellison
55.6%
MD-
3
John Sarbanes
55.4%
MI-
9
Sander Levin
55.4%
District
Representative
% Correct
LA-
4
John Fleming
55.1%
KY-
2
Brett Guthrie
54.8%
MN-
7
Collin Peterson
54.8%
LA-
6
Bill Cassidy
54.6%
MA-
8
Stephen Lynch
54.6%
NV-
1
Dina Titus
54.6%
MD-
7
Elijah Cummings
54.3%
MI-
5
Dan Kildee
54.3%
MI-
11
Kerry Bentivolio
54.3%
NY-
12
Carolyn Maloney
54.3%
NY-
18
Sean Patrick Maloney
54.3%
MO-
8
Jason Smith
54.1%
KY-
1
Ed Whitfield
54%
LA-
3
Charles Boustany
54%
MT-
AL
Steve Daines
53.8%
NV-
3
Joe Heck
53.8%
NM-
2
Steve Pearce
53.8%
MO-
2
Ann Wagner
53.3%
NY-
3
Steve Israel
53.3%
NY-
16
Eliot Engel
53.3%
KY-
4
Thomas Massie
53%
NH-
1
Carol Shea-Porter
53%
NJ-
3
John Runyan
53%
MD-
4
Donna Edwards
52.7%
MA-
6
John Tierney
52.7%
MI-
4
Dave Camp
52.7%
MS-
4
Steven Palazzo
52.5%
MI-
2
Bill Huizenga
52.5%
MN-
1
Tim Walz
52.5%
NY-
4
Carolyn McCarthy
52.5%
MI-
7
Tim Walberg
52.2%
MN-
8
Rick Nolan
52.2%
NC-
1
G.K. Butterfield
52.2%
NH-
2
Ann Kuster
52%
NC-
5
Virginia Foxx
52%
MD-
2
Dutch Ruppersberger
51.7%
MO-
1
Lacy Clay
51.7%
MN-
2
John Kline
51.4%
MO-
5
Emanuel Cleaver
51.4%
NJ-
2
Frank LoBiondo
51.4%
NJ-
6
Frank Pallone
51.4%
MS-
2
Bennie Thompson
51.2%
MN-
3
Erik Paulsen
51.2%
NY-
7
Nydia Velazquez
51.2%
NY-
21
Bill Owens
51.2%
NY-
19
Chris Gibson
50.9%
NM-
3
Ben Lujan
50.7%
NY-
10
Jerrold Nadler
50.7%
NY-
27
Chris Collins
50.7%
District
Representative
% Correct
NC-
2
Renee Ellmers
50.7%
MA-
3
Niki Tsongas
50.4%
MD-
6
John Delaney
50.1%
NJ-
11
Rodney Frelinghuysen
50.1%
NY-
5
Gregory Meeks
49.3%
MA-
7
Mike Capuano
49.1%
MA-
9
Bill Keating
49.1%
NE-
1
Jeff Fortenberry
49.1%
NY-
6
Grace Meng
49.1%
NC-
3
Walter Jones
49.1%
NC-
4
David Price
49.1%
NY-
23
Tom Reed
48.8%
MA-
2
Jim McGovern
48.6%
MA-
1
Richard Neal
48.3%
MN-
4
Betty McCollum
48.3%
NE-
2
Lee Terry
48.3%
NJ-
12
Rush Holt
48.3%
NC-
11
Mark Meadows
48.3%
NV-
2
Mark Amodei
48%
NY-
8
Hakeem Jeffries
48%
NY-
9
Yvette Clarke
48%
NY-
17
Nita Lowey
47.8%
NJ-
7
Leonard Lance
47.5%
NY-
24
Dan Maffei
47.5%
NC-
7
Mike McIntyre
47.5%
NJ-
5
Scott Garrett
47.3%
MO-
4
Vicki Hartzler
47%
NJ-
9
Bill Pascrell
47%
NM-
1
Michelle Lujan Grisham
47%
NV-
4
Steven Horsford
46.7%
NY-
15
Jose Serrano
46.5%
MO-
6
Sam Graves
46.2%
NJ-
8
Albio Sires
46.2%
NY-
22
Richard Hanna
46.2%
NY-
14
Joseph Crowley
46%
NY-
20
Paul Tonko
45.7%
NJ-
10
Donald Payne
45.4%
MO-
7
Billy Long
45.2%
NC-
10
Patrick McHenry
44.9%
NY-
26
Brian Higgins
44.6%
NC-
13
George Holding
44.4%
MS-
1
Alan Nunnelee
43.7%
NC-
6
Howard Coble
43.1%
MO-
3
Blaine Luetkemeyer
42.8%
MS-
3
Gregg Harper
41.6%
NC-
8
Richard Hudson
39.7%
NC-
9
Robert Pittenger
38.4%
Quiz Playlist
Details
Report
Send in Message
Add To Playlist
More Info:
NC-12 is vacant following the resignation of Mel Watt (D). NJ-01 is vacant following the resignation of Rep. Rob Andrews (D).
Classic:
Type in answers that appear in a list
Last Updated: Feb 16, 2017
Quiz Scoreboard
CHALLENGE
Sign Up to Join the Scoreboard
Show All
Scores
Hide
Comments
May contain spoilers
Recently Published
An Introduction to Baseball
by treessimontrees
Sports
5m
Movies - When Are They Set?
by FPL_Elf
Movies
5m
Popular People in 1961
by mucciniale
History
6m
More to Explore
Quiz From the Vault
Featured Blog Post
Where Did the Easter Bunny Come From?
hide this ad
You Might Also Like...
Tags
Politics Quiz
congress
Today's Top Quizzes in History
Browse History
hide this ad
Today's Top Quizzes in Politics
Browse Politics
Top Contributed Quizzes in History
1
Popular People in 1991
2
Popular People in 1981
3
Popular People in 1951
4
Popular People in 1941
5
Popular People in 1986
6
Popular People in 1976
7
Popular People in 1921
8
I Am Born On March 28th
9
Popular People in 1946
10
Popular People in 1936
Explore More
Trending Topics
Disney
NBA
Harry Potter
Marvel
Anime
Kpop
Crossword
Puzzle
WWE
The Office
Soccer
Pokémon
Country
NFL
Song
hide this ad
More By:
byelin
Quiz
Plays
Rating
Category
Featured
Created
113th House of Representatives Part III
367
History
Nov 12, 2012
2021 MLB Opening Day Lineups - Updated 4/6
6,703
3.75
Sports
Apr 2, 2021
2019 MLB Opening Day Lineups
3,163
3.50
Sports
Mar 28, 2019
2018 MLB Opening Day Lineups
3,086
4.80
Sports
Mar 30, 2018
2022 MLB Opening Day Lineups
1,679
4.60
Sports
Apr 8, 2022
116th United States Senate
969
History
Nov 28, 2018
Go to Creator's Profile
Score Distribution
Quiz Creator Spotlight
byelin
Follow
Send a Message
Quizzes Created
-
Created Quiz Play Count
-
More By This Creator
Popular Quizzes Today
1
Find the Countries of Europe - No Outlines Minefield
2
Find the US States - No Outlines Minefield
3
The Countries of the World
4
Popular People in 1961
5
US States
6
1-10 Letter E Words III
7
Find the US States
8
Risky Map Clicking: Biggest States A-Z
More History Quizzes
Historical People at Disneyland
Published
Trending Quizzes
Risky Map Clicking: Least Populous States A-Z
1-10 Letter F Words
1-10 Letter G Words
One Thing in Common: United Kingdom
Risky Map Clicking: Next State Alphabetically
Recently Updated
Leaping Animals
pecheneg
Reality TV Shows (A-Z)
bhenderson79
Rickey Henderson's Hall of Fame Teammates
pecheneg
Champions League XIs: Arsenal
pecheneg
Quick Pick: Celebrities in WWE's Hall of Fame
aduchscher
A-Z Keypad Blitz II
pecheneg
Multiple Oscar Actors
pecheneg
Mystery Phrase Blitz: Oscar 'Best Actors'
pecheneg
F. Scott Fitzgerald Novels
LTH
Pick 3 Villains
ddd62291
Trending Topics
Crossword
Kpop
Anime
NBA
Harry Potter
Marvel
Disney
The Office
NFL
Pokémon
Song
Soccer
Country
Puzzle
WWE
Your Account Isn't Verified!
In order to create a playlist on Sporcle, you need to verify the email address you used during registration. Go to your
Sporcle Settings
to finish the process.
Report this User
Report this user for behavior that violates our
Community Guidelines
.
Details:
Send Report
Go to the Sporcle.com Mobile Site →
Comments